000 00314nam a2200097Ia 4500
008 241105s9999 xx 000 0 und d
041 _aeng
100 _aDatar Tejaswini
245 _aEnvironmental Impact Of Civil Renovation In Residential Buildings - a Case Of Pune And Nasik
260 _bBNCA M Arch EA, Pune
_c2017
999 _c361472
_d361472